Famous Movie Henchmen Quiz Stats

Quiz Updated Aug 1, 2015

Challenge
Share
Tweet
Score 0/20 Timer 07:00
0 Plays Today
% Correct
Despicable Me (Minions)
98.1%
X-Men: Days of Future Past (Mystique)
82.1%
Peter Pan (Mr. Smee)
81.2%
The Wizard of Oz (flying monkey)
79%
The Little Mermaid (Flotsam and Jetsam)
73.9%
Up (Alpha, Beta, and Gamma)
73.6%
Kill Bill: Vol. 1 (Gogo Yubari)
73.3%
Muppets Most Wanted (Dominic Badguy)
72.9%
Austin Powers in Goldmember (Frau Farbissina)
72%
Mad Max: Fury Road (The Warboys)
69.7%
% Correct
Star Wars Episode I: The Phantom Menace (Darth Maul)
68.2%
The Princess Bride (Count Rugen)
61.5%
The Godfather (Luca Brasi)
60%
Goldfinger (Oddjob)
57%
Die Hard (Karl, Franco, and Fritz)
51%
Blazing Saddles (Mongo)
37.3%
Robocop (Clarence Boddicker)
27.1%
The Departed (Mr. French)
26.5%
The Untouchables (Frank Nitti)
24%
Scarface (Manny Ribera)
19.5%

You're not logged in!

Compare scores with friends on all Sporcle quizzes.
Sign Up with Email
OR
Log In

You Might Also Like...

Show Comments

Extras

Top Quizzes Today


Score Distribution

Your Account Isn't Verified!

In order to create a playlist on Sporcle, you need to verify the email address you used during registration. Go to your Sporcle Settings to finish the process.